| 000 | 01188nam a2200229Ia 4500 | ||
|---|---|---|---|
| 001 | L922-42435 | ||
| 003 | IT-CnALBA | ||
| 008 | 170116s9999||||xx |||||||||||||| ||und|| | ||
| 040 |
_aIT-CnALBA _cIT-CnALBA |
||
| 041 | _aITALIANO | ||
| 100 | _aCASELLA ALFREDO | ||
| 245 | 0 | _aSTRAWINSKI. | |
| 250 | _a1a ed. | ||
| 260 |
_a BRESCIA _bLA SCUOLA, SOCIETÀ EDITRICE _c1947 [1° Ed.:1947 - Ed.Ling.Originale: 1947] |
||
| 300 | _a217 p. | ||
| 500 | _aINTRODUZIONE. GIOVINEZZA. MATURITÀ. PRIME COMPOSIZIONI. LA SAGRA DELLA PRIMAVERA. LE ROSSIGNOL. ANNI DI GUERRA. RENARD. NOZZE. PUCCINELLA. IN FRANCIA. IN AMERICA. IN ITALIA. CAPRICCIO. SINFONIA DEI SALMI. SALUTO ALL'ITALIA. ELENCO CRONOLOGICO DELLE COMPOS | ||
| 501 | _aSocietà San Paolo EM - Piazza San Paolo, 14 - 12051 ALBA (CN) (non commercial uses only) ® Copyright 2017 | ||
| 520 | _aINTRODUZIONE. GIOVINEZZA. MATURITÀ. PRIME COMPOSIZIONI. LA SAGRA DELLA PRIMAVERA. LE ROSSIGNOL. ANNI DI GUERRA. RENARD. NOZZE. PUCCINELLA. IN FRANCIA. IN AMERICA. IN ITALIA. CAPRICCIO. SINFONIA DEI SALMI. SALUTO ALL'ITALIA. ELENCO CRONOLOGICO DELLE COMPOS | ||
| 650 | _aBIOGRAFIE, UOMINI ILLUSTRI | ||
| 942 | _cBK | ||
| 957 | _71 | ||
| 999 |
_a47829 _bSI _g Copie: 1 _c301404 _d301404 |
||